Mapa świata bez 40 losowych państw - Statystyki

Ogólne statystyki
  • Ten quiz został rozwiązany 34 640 razy
  • Średni wynik to 24 z 40
Odpowiedzi na mapie
Odpowiedzi zakodowano w zielono-czerwonej skali na mapie do tego quizu, zgodnie z poniższymi procentami.
 
Statystyki odpowiedzi
Państwo % Poprawnych
Stany Zjednoczone
99%
Kanada
98%
Rosja
97%
Polska
96%
Brazylia
95%
Meksyk
95%
Niemcy
95%
Ukraina
95%
Argentyna
93%
Czechy
93%
Francja
93%
Chiny
92%
Kazachstan
92%
Białoruś
91%
Egipt
91%
Austria
90%
Słowacja
90%
Algieria
89%
Mongolia
89%
Kolumbia
88%
Węgry
88%
Hiszpania
87%
Rumunia
87%
Włochy
87%
Boliwia
86%
Libia
86%
Szwecja
86%
Turcja
86%
Demokratyczna Republika Konga
84%
Paragwaj
84%
Peru
84%
Sudan
84%
Szwajcaria
84%
Finlandia
83%
Niger
83%
Republika Południowej Afryki
83%
Wenezuela
82%
Arabia Saudyjska
81%
Indie
81%
Iran
81%
Czad
79%
Mali
78%
Panama
78%
Serbia
77%
Bułgaria
76%
Etiopia
76%
Afganistan
75%
Nigeria
75%
Australia
74%
Chorwacja
74%
Wielka Brytania
74%
Angola
73%
Norwegia
73%
Pakistan
73%
Ekwador
72%
Maroko
72%
Mauretania
72%
Nepal
72%
Chile
71%
Indonezja
71%
Kenia
71%
Litwa
71%
Mołdawia
71%
Sudan Południowy
70%
Botswana
69%
Portugalia
69%
Bośnia i Hercegowina
68%
Gujana
68%
Irak
68%
Namibia
68%
Republika Środkowoafrykańska
68%
Uzbekistan
68%
Belgia
67%
Kongo
67%
Nikaragua
67%
Senegal
67%
Urugwaj
67%
Kostaryka
66%
Tanzania
66%
Zambia
66%
Kamerun
65%
Słowenia
65%
Grecja
64%
Gwatemala
64%
Kirgistan
64%
Zimbabwe
64%
Japonia
63%
Mozambik
63%
Turkmenistan
63%
Ghana
62%
Macedonia Północna
62%
Wybrzeże Kości Słoniowej
62%
Jemen
61%
Tadżykistan
61%
Togo
61%
Benin
60%
Burkina Faso
60%
Dania
60%
Gwinea
59%
Łotwa
59%
Uganda
59%
Honduras
58%
Kosowo
58%
Mjanma
58%
Oman
57%
Surinam
57%
Tajlandia
56%
Bhutan
54%
Laos
54%
Tunezja
54%
Czarnogóra
53%
Irlandia
53%
Lesotho
53%
Holandia
52%
Korea Północna
52%
Gabon
51%
Jordania
50%
Syria
50%
Azerbejdżan
49%
Albania
48%
Armenia
48%
Estonia
48%
Islandia
48%
Korea Południowa
48%
Erytrea
47%
Gruzja
47%
Kuba
46%
Malawi
46%
Sierra Leone
46%
Bangladesz
45%
Somalia
45%
Wietnam
44%
Haiti
43%
Liberia
43%
Nowa Zelandia
43%
Papua-Nowa Gwinea
43%
Madagaskar
42%
Dominikana
41%
Malezja
41%
Rwanda
41%
Filipiny
40%
Gwinea Bissau
39%
Kambodża
39%
Eswatini
37%
Salwador
36%
Sri Lanka
35%
Jamajka
34%
Bahamy
33%
Belize
33%
Gwinea Równikowa
33%
Seszele
33%
Burundi
32%
Tajwan
32%
Malta
31%
Gambia
30%
Izrael
30%
Komory
30%
Malediwy
30%
Mauritius
30%
Mikronezja
29%
Zjednoczone Emiraty Arabskie
29%
Cypr
28%
Kiribati
28%
Republika Zielonego Przylądka
26%
Dżibuti
25%
Kuwejt
24%
Wyspy Świętego Tomasza i Książeca
24%
Palau
22%
Katar
21%
Fidżi
20%
Liban
20%
Wyspy Salomona
20%
Nauru
18%
Tuvalu
18%
Samoa
17%
Tonga
17%
Vanuatu
16%
Wyspy Marshalla
16%
Nie znaleziono quizów pasujących do podanych kryteriów
Rozkład punktacji
Procent ludzi z każdym wynikiem
Percentyl według liczby udzielonych odpowiedzi
Twoja historia wyników
Nie rozwiązałeś tego quizu